Conservation of natural resources for food and environmental security / (Record no. 13718)
[ view plain ]
| 000 -LEADER | |
|---|---|
| fixed length control field | 00707cam a22001815a 4500 |
| 020 ## - INTERNATIONAL STANDARD BOOK NUMBER | |
| ISBN | 9789381226155 |
| 020 ## - INTERNATIONAL STANDARD BOOK NUMBER | |
| ISBN | 9381226156 |
| 082 04 - DEWEY DECIMAL CLASSIFICATION NUMBER | |
| Classification number | 628 |
| Item number | DUB/CO |
| 245 00 - TITLE STATEMENT | |
| Title | Conservation of natural resources for food and environmental security / |
| 260 ## - PUBLICATION, DISTRIBUTION, ETC. (IMPRINT) | |
| Place of publication | Delhi : |
| Name of publisher | Satish Serial Pub. House, |
| Year of publication | c2012. |
| 300 ## - PHYSICAL DESCRIPTION | |
| Number of Pages | xvii, 509 p. : |
| Other physical details | ill., maps ; |
| 520 ## - SUMMARY, ETC. | |
| Summary, etc | Papers presented at a conference on Food and environmental security through resource conservation in central India : challenges and opportunities, held at Agra during 16-19 September 2009. |
| 650 #0 - SUBJECT ADDED ENTRY--TOPICAL TERM | |
| Topical Term | Conservation of natural resources |
| 650 #0 - SUBJECT ADDED ENTRY--TOPICAL TERM | |
| Topical Term | Food security |
| 650 #0 - SUBJECT ADDED ENTRY--TOPICAL TERM | |
| Topical Term | Environmental protection |
| 700 1# - ADDED ENTRY--PERSONAL NAME | |
| Personal name | Dubey, S. K., |
| 942 ## - ADDED ENTRY ELEMENTS (KOHA) | |
| Koha item type | Books |
| Withdrawn status | Lost status | Damaged status | Collection code | Home library | Current library | Shelving location | Date acquired | Source of acquisition | Cost, normal purchase price | Full call number | Accession Number | Koha item type |
|---|---|---|---|---|---|---|---|---|---|---|---|---|
| Non-fiction | KAUAET | KAUAET | General Stacks | 31/03/2012 | International Books and periodical supply service, New Delhi | 2750.00 | 628 DUB/CO | 23405 | Books |
